000 01302nam a2200349 i 4500
003 EG-GICUC
005 20260121101509.0
008 251216s2004 ua ||||fr|||| 000 0 ara d
017 _a2004/3748
020 _a977-04-4419-7
040 _a EG-GICUC
_bara
_c EG-GICUC
_d EG-GICUC
_erda
041 _aara
082 0 4 _221
_a343.6
_bش ر . م
092 0 4 _221
099 _aLaw1 10 343.6 ش ر . م 2004
100 0 _aشريف سيد كامل
_eمؤلف.
245 1 0 _aمبادئ علم الإجرام /
_cدكتور شريف سيد كامل.
264 1 _aالقاهرة :
_bدار النهضة العربية,
_c2004.
300 _a240 صفحة ؛
_c24 سم
336 _2rda content
_atext
337 _2rda media
_aComputer
338 _2rda carrier
_aOnline Resource
504 _a. 240-220 ببليوجرافيا: صفحات.
546 _aالنص أغلبه باللغة العربية مع بعض النصوص الفرنسية
650 1 4 _aعلم الإجرام
_2qrmak
650 1 4 _aقواعد ووسائل البحث في علم الإجرام
_2qrmak
650 1 4 _aإدمان الخمور والمخدرات والجريمة
_2qrmak
651 1 _2qrmak
856 4 0 _uhttps://fll.law.cu.edu.eg/fulltext/bks/B10-07260.pdf
905 _a79
_eHassnaa
942 _2ddc
_cBK
_e21
_n0
999 _c50811
_d50811